Statystyki dla Grupy geograficzne - trójki #1

Kliknij tutaj aby rozwiązać quiz!

Ogólne statystyki

  • Ten quiz został rozwiązany 4 796 razy
  • Średni wynik to 18 z 36

Statystyki odpowiedzi

GroupOdpowiedź% Poprawnych
Kraje bałtyckieEstonia
91%
Kraje bałtyckieLitwa
91%
Kraje bałtyckieŁotwa
91%
Stolice Unii EuropejskiejBruksela
90%
Azjatyckie państwa na literę JJemen
85%
Azjatyckie państwa na literę JJaponia
84%
Azjatyckie państwa na literę JJordania
82%
Państwa zaczynające się na "Saint"Saint Lucia
75%
Państwa zaczynające się na "Saint"Saint Vincent i Grenadyny
71%
Czteroliterowe państwa AfrykiCzad
68%
Państwa zaczynające się na "Saint"Saint Kitts i Nevis
68%
Najdłuższe łańcuchy górskie
obu Ameryk
Andy
65%
Państwa na wyspie BorneoIndonezja
65%
Państwa na wyspie BorneoMalezja
62%
Najdłuższe chińskie rzekiJangcy
60%
Czteroliterowe państwa AfrykiMali
58%
Czteroliterowe państwa AfrykiTogo
56%
Państwa na wyspie BorneoBrunei
55%
Stolice RPAKapsztad
54%
Stolice RPAPretoria
54%
Najdłuższe chińskie rzekiHuang He
47%
Najświętsze miasta dla sunnitówMekka
44%
Stolice Unii EuropejskiejLuksemburg
33%
Najświętsze miasta dla sunnitówMedyna
33%
Najświętsze miasta dla sunnitówJerozolima
30%
Stolice Unii EuropejskiejStrasburg
30%
Lotniska międzynarodowe w
Nowym Jorku
JFK
27%
Najdłuższe łańcuchy górskie
obu Ameryk
Góry Skaliste
22%
Najdłuższe łańcuchy górskie
obu Ameryk
Appalachy
21%
Stolice RPABloemfontein
19%
Kanadyjskie terytoriaJukon
10%
Lotniska międzynarodowe w
Nowym Jorku
Newark
9%
Kanadyjskie terytoriaNunavut
9%
Kanadyjskie terytoriaTerytoria Północno-Zachodnie
9%
Lotniska międzynarodowe w
Nowym Jorku
LaGuardia
7%
Najdłuższe chińskie rzekiRzeka Perłowa
4%

Rozkład punktacji

Percentyl według liczby udzielonych odpowiedzi

Procent ludzi z każdym wynikiem

Twoja historia wyników

Nie rozwiązałeś tego quizu